000 00536nam a2200181 4500
001 137863
003 ES-MaACL
005 20230906195445.0
007 t|
008 070214s1972 sp r ||||1| spa d
100 1 _aSalomon, Michel.
_9102026
245 1 1 _a¿Mediterráneo rojo? ¿Un imperio soviético? /
_cMichel Salomon ; [traducción de Jorge Marfá].
250 _a1ª ed.
260 _aBarcelona :
_bDopesa,
_c1972.
300 _a238 p. ;
_c22 cm.
700 0 _aMarfà, Jordi.
_976598
852 _aES-MaACL
_jC-42245
_bR.80492
999 _c137863
_d137863